Welcome to CU Library Online Public Access Catalogue (OPAC)

Children, families, and HIV/AIDS : (Record no. 98)

MARC details
000 -LEADER
fixed length control field 01402cam a2200313 a 4500
001 - CONTROL NUMBER
control field 2524683
005 - DATE AND TIME OF LATEST TRANSACTION
control field 20241021104959.0
008 - FIXED-LENGTH DATA ELEMENTS--GENERAL INFORMATION
fixed length control field 930910s1995 nyua b 001 0 eng
020 ## - INTERNATIONAL STANDARD BOOK NUMBER
International Standard Book Number 089862147X (hard)
020 ## - INTERNATIONAL STANDARD BOOK NUMBER
International Standard Book Number 0898625025 (pbk.)
050 00 - LIBRARY OF CONGRESS CALL NUMBER
Classification number RJ387.A25
Item number C48 1995
082 00 - DEWEY DECIMAL CLASSIFICATION NUMBER
Classification number 362.1/98929792
Edition information 20
245 00 - TITLE STATEMENT
Title Children, families, and HIV/AIDS :
Remainder of title psychosocial and therapeutic issues /
Statement of responsibility, etc. editors, Nancy Boyd-Franklin, Gloria L. Steiner, Mary Boland ; foreword by James Oleske.
260 ## - PUBLICATION, DISTRIBUTION, ETC.
Place of publication, distribution, etc. New York :
Name of publisher, distributor, etc. Guilford Press,
Date of publication, distribution, etc. 1995.
300 ## - PHYSICAL DESCRIPTION
Extent xvii, 334 p. :
Other physical details ill. ;
Dimensions 24 cm.
500 ## - GENERAL NOTE
General note Include Index
650 #0 - SUBJECT ADDED ENTRY--TOPICAL TERM
Topical term or geographic name entry element AIDS (Disease) in children
General subdivision Social aspects.
650 #0 - SUBJECT ADDED ENTRY--TOPICAL TERM
Topical term or geographic name entry element AIDS (Disease) in children
General subdivision Psychological aspects.
650 #0 - SUBJECT ADDED ENTRY--TOPICAL TERM
Topical term or geographic name entry element AIDS (Disease) in children
General subdivision Patients
-- Family relationships.
650 #0 - SUBJECT ADDED ENTRY--TOPICAL TERM
Topical term or geographic name entry element AIDS (Disease) in children
General subdivision Patients
-- Services for.
700 2# - ADDED ENTRY--PERSONAL NAME
Personal name Boyd-Franklin, Nancy.
700 1# - ADDED ENTRY--PERSONAL NAME
Personal name Steiner, Gloria L.
700 1# - ADDED ENTRY--PERSONAL NAME
Personal name Boland, Mary,
Dates associated with a name 1950-
856 42 - ELECTRONIC LOCATION AND ACCESS
Materials specified Contributor biographical information
Uniform Resource Identifier <a href="http://www.loc.gov/catdir/bios/guilford051/93034761.html">http://www.loc.gov/catdir/bios/guilford051/93034761.html</a>
856 42 - ELECTRONIC LOCATION AND ACCESS
Materials specified Publisher description
Uniform Resource Identifier <a href="http://www.loc.gov/catdir/description/guilford051/93034761.html">http://www.loc.gov/catdir/description/guilford051/93034761.html</a>
856 41 - ELECTRONIC LOCATION AND ACCESS
Materials specified Table of contents
Uniform Resource Identifier <a href="http://www.loc.gov/catdir/toc/guilford041/93034761.html">http://www.loc.gov/catdir/toc/guilford041/93034761.html</a>
856 41 - ELECTRONIC LOCATION AND ACCESS
Materials specified Sample text
Uniform Resource Identifier <a href="http://www.loc.gov/catdir/enhancements/fy0651/93034761-s.html">http://www.loc.gov/catdir/enhancements/fy0651/93034761-s.html</a>
942 ## - ADDED ENTRY ELEMENTS (KOHA)
Source of classification or shelving scheme Library of Congress Classification
Koha item type Books
Suppress in OPAC No
999 ## -
-- 98
-- 98
Holdings
Withdrawn status Lost status Source of classification or shelving scheme Damaged status Not for loan Collection Home library Current library Shelving location Date acquired Total checkouts Full call number Barcode Date last seen Copy number Price effective from Koha item type
    Library of Congress Classification     Non-fiction Undergraduate Library (Christ Temple) Undergraduate Library (Christ Temple) General stacks 10/21/2024   RJ387.A25 CHI ulct00000037 10/21/2024 1 10/21/2024 Books
© 2023-2024 Copyright: Central University Libraries. All Rights Reserved | Created by: Mahone Tech Office